| 000 | 00577nam a22001817a 4500 | ||
|---|---|---|---|
| 005 | 20150825113724.0 | ||
| 010 | _aENG-113555 | ||
| 020 |
_c250.00 _a9789350098745 |
||
| 035 | _aEN- 97087 | ||
| 037 | _bDBAD/PUB | ||
| 082 | _a174.4 | ||
| 100 | _aMaxwell, John C. | ||
| 245 |
_aEthics 101 : _cby John C. Maxwell _bwhat every leader needs to know / |
||
| 260 |
_aGurgaon _bHachette Book Publishing _c2015 |
||
| 270 |
_a4th & 5th Floors, Corporate Center, Plot No. 94, Sector 44 _bGurgaon _e122003 |
||
| 300 |
_a110p. _c21cm(pbk) |
||
| 942 |
_2ddc _cEN _mMAX _h174.4 |
||
| 999 |
_c95093 _d95093 |
||